Revenge of the patriarchs: Whey autocrats fear women (Record no. 520524)

000 -LEADER
fixed length control field 00391nam a22001337a 4500
008 - FIXED-LENGTH DATA ELEMENTS--GENERAL INFORMATION
fixed length control field 220919b ||||| |||| 00| 0 eng d
100 ## - MAIN ENTRY--PERSONAL NAME
Personal name Chenoweth, Erica and Marks, Zoe
245 ## - TITLE STATEMENT
Title Revenge of the patriarchs: Whey autocrats fear women
260 ## - PUBLICATION, DISTRIBUTION, ETC. (IMPRINT)
Place of publication, distribution, etc Foreign Affairs
300 ## - PHYSICAL DESCRIPTION
Extent 101(2), Mar-Apr, 2022: p.103-116
773 ## - HOST ITEM ENTRY
Main entry heading Foreign Affairs
906 ## - LOCAL DATA ELEMENT F, LDF (RLIN)
Subject DIP WOMEN
942 ## - ADDED ENTRY ELEMENTS (KOHA)
Item type Articles
Holdings
Withdrawn status Lost status Source of classification or shelving scheme Damaged status Not for loan Permanent location Current location Date acquired Serial Enumeration / chronology Barcode Date last seen Koha item type
          Indian Institute of Public Administration Indian Institute of Public Administration 2022-09-19 101(2), Mar-Apr, 2022: p.103-116 AR127109 2022-09-19 Articles

Powered by Koha